书目信息 |
| 题名: |
中国的经济安全与发展
|
|
| 作者: | 巴忠倓 主编 ;中国政策科学研究会 , 国家安全政策委员会 编 | |
| 分册: | ||
| 出版信息: | 北京 时事出版社 2004 |
|
| 页数: | 343页 | |
| 开本: | 24cm | |
| 丛书名: | ||
| 单 册: | ||
| 中图分类: | F12-53 | |
| 科图分类: | ||
| 主题词: | 国家安全--中国--文集 , 国家安全 , 经济--中国 | |
| 电子资源: | ||
| ISBN: | 7-80009-815-X | |
| 000 | 01557nam0 2200361 450 | |
| 000 | 01520nam0 2200349 450 | |
| 000 | 01493nam0 2200349 450 | |
| 000 | 01439nam0 2200325 450 | |
| 000 | 01435nam0 2200313 450 | |
| 000 | 01398nam0 2200301 45 | |
| 001 | TS-086121 | |
| 005 | 20070115150843.62 | |
| 010 | @a7-80009-815-X@dCNY45.00 | |
| 100 | @a20060829d2004 emky0chiy0110 ea | |
| 101 | 0 | @achi |
| 102 | @aCN@b110000 | |
| 105 | @ay z 000yy | |
| 200 | 1 | @a中国的经济安全与发展@AZhong Guo De Jing Ji An Quan Yu Fa Zhan@e第二届中国国家安全论坛文集@EDi Er Jie Zhong Guo Guo Jia An Quan Lun Tan Wen Ji@f巴忠倓主编@FBa Zhong Dan Zhu Bian@g中国政策科学研究会,国家安全政策委员会[编] |
| 210 | @a北京@c时事出版社@d2004 | |
| 215 | @a343页@d24cm | |
| 330 | @a本书汇集的主题是我国的经济安全与发展。书中从“经济全球化背景下的我国经济安全与发展问题”、“国防建设与经济建设协调发展问题”、“我国经济安全与发展的方方面面”等四个专题,收入论文30篇。 | |
| 517 | 1 | @a第二届中国国家安全论坛文集@ADi Er Jie Zhong Guo Guo Jia An Quan Lun Tan Wen Ji |
| 606 | 0 | @a国家安全@y中国@x文集 |
| 606 | 0 | @a国家安全 |
| 606 | 0 | @a经济@x中国 |
| 690 | @aF12-53@v4 | |
| 701 | 0 | @a巴忠倓@ABa Zhong Dan@c(政治)@4主编 |
| 712 | 02 | @a中国政策科学研究会@AZhong Guo Zheng Ce Ke Xue Yan Jiu Hui@4编 |
| 712 | 02 | @a国家安全政策委员会@AGuo Jia An Quan Zheng Ce Wei Yuan Hui@4编 |
| 801 | 0 | @aCN@b中图数据@c20070115 |
| 905 | @a10447@dF12-53@e165 | |
| 中国的经济安全与发展:第二届中国国家安全论坛文集/巴忠倓主编/中国政策科学研究会,国家安全政策委员会[编].-北京:时事出版社,2004 |
| 343页;24cm |
| ISBN 7-80009-815-X:CNY45.00 |
| 本书汇集的主题是我国的经济安全与发展。书中从“经济全球化背景下的我国经济安全与发展问题”、“国防建设与经济建设协调发展问题”、“我国经济安全与发展的方方面面”等四个专题,收入论文30篇。 |
| ● |
| 相关链接 |
|
|
|
|
正题名:中国的经济安全与发展
索取号:F12-53/165
 
预约/预借
| 序号 | 登录号 | 条形码 | 馆藏地/架位号 | 状态 | 备注 |
| 1 | 0611381 | 206113819 | 第一样本阅览室/ [索取号:F12-53/165] | 在馆 | |
| 2 | 0611382 | 206113828 | 第一借阅区/ [索取号:F12-53/165] | 在馆 | |
| 3 | 0611383 | 206113837 | 第一借阅区/ [索取号:F12-53/165] | 在馆 |